000 00637nam a2200205 a 4500
001 000047650
003 DO-SdBNP
005 20250116120725.0
008 180713s2017 dr 000 0 spa d
020 _a9789945908657
040 _aDO-SdBNP
_bspa
_cBNPHU
082 _axxx
_bxxx
245 0 0 _aPerfil migratorio de República Dominicana.
260 _aSanto Domingo, :
_bOIM,
_bINMRD,
_c2017.
300 _a384 p. ;
_c24 cm.
590 _aInventariado, 2018/ YL
710 2 _a Organización Internacional para las Migraciones
_92058
710 1 _a Instituto Nacional de Migración (República Dominicana)
_975397
942 _2ddc
_cLBS1
999 _c47138
_d47138